000 00279nam a2200097Ia 4500
008 171211s9999 xx 000 0 und d
245 _aTorpedo: The Complete History of the World's Most Revolutionary Weapon
245 _cRoger Branfill-Cook
260 _c2014
650 _xMilitary
999 _c348317
_d348317